000 01027nam a22002057a 4500
999 _c62767
_d62767
003 Ge_BSU
005 20250210162102.0
008 250210s2013 ge ||||| |||| 00| 0 geo d
020 _a9789941211119
041 _ageo
080 _a821.353.1-94 პ-21
100 _aპატიაშვილი, ჯუმბერ
_924301
245 _aოცდასამი წლის შემდეგ :
_b[მოგონებები] /
_cჯუმბერ პატიაშვილი; თანაავტ. ელგა ფოლადიშვილი; რედ. ხათუნა ნონიაშვილი.
264 _aთბ. :
_bპალიტრა L,
_c2013.
300 _a296 გვ. :
_bფოტ. + 1 დისკი
_c24 სმ.
653 _aმოგონებები
700 _aფოლადიშვილი, ელგა
_eავტორი
_924302
700 _aნონიაშვილი, ხათუნა
_eრედაქტორი
_915791
942 _2udc
_cᲬᲘᲒᲜᲘ